La papessa Giovanna : romanzo /
Sábháilte in:
| Príomhchruthaitheoir: | |
|---|---|
| Rannpháirtithe: | , |
| Formáid: | LEABHAR |
| Teanga: | Iodáilis |
| Foilsithe / Cruthaithe: |
Milano :
SugarCo,
stampa 1979
|
| Sraith: | Tasco ;
12 |
| Clibeanna: |
Níl clibeanna ann, Bí ar an gcéad duine le clib a chur leis an taifead seo!
|
MARC
| LEADER | 00000nam a22000007i 4500 | ||
|---|---|---|---|
| 001 | IT\ICCU\RMR\0009859 | ||
| 003 | ItRI | ||
| 005 | 20260115232244.0 | ||
| 008 | 950124s1979 it |||||| ||||| |||||c | ||
| 040 | |b ita |c importazione bologna sebina | ||
| 041 | 7 | |a ita |2 ISO-639-2 | |
| 082 | |a 823.914 |9 NARRATIVA INGLESE, 1945-1999 |2 21 | ||
| 100 | 1 | |a Durrell, Lawrence |0 IT\ICCU\CFIV\002645 |4 aut | |
| 240 | 1 | 0 | |a Pope Joan |3 IT\ICCU\MIL\0207808 |9 Cross, Donna Woolfolk |
| 245 | 1 | 3 | |a La papessa Giovanna : |b romanzo / |c Lawrence Durrell ; dal testo greco di Emmanuel Royidis ; traduzione di Cesare Cristofolini. |
| 260 | |a Milano : |b SugarCo, |c stampa 1979 | ||
| 300 | |a 216 p. ; |c 20 cm. | ||
| 500 | |a dal testo greco di |0 IT\ICCU\SBLV\175060 | ||
| 700 | 1 | |a Cristofolini, Cesare |0 IT\ICCU\RAVV\067808 |4 trl | |
| 700 | 1 | |a Roidīs, Emmanouīl |0 IT\ICCU\SBLV\175060 | |
| 790 | 1 | |a Durrell, Lawrence George |3 IT\ICCU\SBNV\090413 |z Durrell, Lawrence | |
| 790 | 1 | |a Durrell, Larry |3 IT\ICCU\SBNV\090414 |z Durrell, Lawrence | |
| 790 | 1 | |a Durrell, Lawrence G. |3 IT\ICCU\SBNV\090415 |z Durrell, Lawrence | |
| 790 | 1 | |a Norden, Charles |3 IT\ICCU\SBNV\090416 |z Durrell, Lawrence | |
| 790 | 1 | |a Rhoides, Emmanouel D. |3 IT\ICCU\CFIV\343552 |z Roidīs, Emmanouīl | |
| 790 | 1 | |a Roidis, Emmanuìl |3 IT\ICCU\MILV\287321 |z Roidīs, Emmanouīl | |
| 790 | 1 | |a Roidis, Emanuele |3 IT\ICCU\PUVV\323709 |z Roidīs, Emmanouīl | |
| 790 | 1 | |a Royidis, Emmanuel |3 IT\ICCU\SBLV\175061 |z Roidīs, Emmanouīl | |
| 790 | 1 | |a Roides, Emmanouel |3 IT\ICCU\USMV\797937 |z Roidīs, Emmanouīl | |
| 830 | 0 | |a Tasco ; |v 12 |0 IT\ICCU\CFI\0000467 | |
| 942 | |2 ddc |c BK |n 0 | ||
| 952 | |0 0 |1 0 |4 0 |6 DOC_823_000000000000000_DUR |7 0 |9 23056 |a BO |b BO |d 2026-01-15 |i 5722 |l 0 |o DOC 823 DUR |p BO5722 |r 2026-01-15 23:22:44 |w 2026-01-15 |x [Sebina 5] [1 v.] |y BK |z 1 v. | ||
| 999 | |c 19662 |d 19662 | ||